Who's who in America 1980 1981 /Marquis Who's Who

Guardado en:
Bibliografiske detaljer
Autores Corporativos: Marquis Who's Who, ed
Format: Texto
Udgivet: Chicago: Who's Who in America
Udgivelse:41
Tags: Tilføj Tag
Ingen Tags, Vær først til at tagge denne postø!

MARC

LEADER 00000 a a2200000 04500
001 23349
003
040
090 |a 161300  
110 |a Marquis Who's Who  
245 |a Who's who in America 1980 1981 /Marquis Who's Who  
250 |a 41  
260 |a Chicago:   |b Who's Who in America  
300 |a 1921 p; vol. I  
710 |a ed  
999 |c 8108  |d 8108